कबीर एवं तुलसी की सामाजिक दृष्टि का तुलनात्मक अध्ययन (Record no. 8239)

MARC details
000 -LEADER
fixed length control field 00676 a2200193 4500
001 - CONTROL NUMBER
control field 134659
003 - CONTROL NUMBER IDENTIFIER
control field OSt
005 - DATE AND TIME OF LATEST TRANSACTION
control field 20210928120248.0
008 - FIXED-LENGTH DATA ELEMENTS--GENERAL INFORMATION
fixed length control field
020 ## - INTERNATIONAL STANDARD BOOK NUMBER
International Standard Book Number 9789350004647
082 ## - DEWEY DECIMAL CLASSIFICATION NUMBER
Classification number 891.431009
Item number R21K
100 1# - MAIN ENTRY--PERSONAL NAME
Personal name राय, सरिता
245 1# - TITLE STATEMENT
Title कबीर एवं तुलसी की सामाजिक दृष्टि का तुलनात्मक अध्ययन
Statement of responsibility, etc by सरिता राय
250 ## - EDITION STATEMENT
Edition statement 2nd ed.
260 ## - PUBLICATION, DISTRIBUTION, ETC. (IMPRINT)
Place of publication, distribution, etc नई दिल्ली
Name of publisher, distributor, etc वाणी प्रकाशन
Date of publication, distribution, etc 2009
300 ## - PHYSICAL DESCRIPTION
Extent 80p.
690 ## - LOCAL SUBJECT ADDED ENTRY--TOPICAL TERM (OCLC, RLIN)
Topical term or geographic name as entry element Marxist criticism; Communism and literature
942 ## - ADDED ENTRY ELEMENTS (KOHA)
Koha item type Books
Source of classification or shelving scheme Dewey Decimal Classification
Holdings
Withdrawn status Lost status Source of classification or shelving scheme Damaged status Not for loan Collection code Home library Current library Date acquired Source of acquisition Cost, normal purchase price Full call number Barcode Date last seen Price effective from Koha item type
    Dewey Decimal Classification     General Text Book Central University Of Rajasthan Central University Of Rajasthan 09/10/2012 HND 150.00 891.431009 R21K 8389 21/11/2024 02/09/2020 Books